Personalidades históricas y famosos - J - Estadísticas

Estadísticas generales
  • Esta prueba ha sido intentada 204 veces
  • La puntuación promedio es 12 de 25
Estadísticas de respuestas
Descripción Respuesta % Correcto
Figura central del cristianismo. Jesús de Nazaret
100%
Su apodo es "el rey del Pop". Michael Jackson
92%
Esposo de María, madre de Jesucristo. José de Nazaret
91%
Considerado por muchos como el mejor jugador de baloncesto de la historia. Michael Jordan
91%
Heroína y patrona de Francia que destacó por su papel durante el final de la Guerra de los Cien Años. Juana de Arco
86%
Era uno de los discípulos de Jesucristo, pero lo traicionó por treinta monedas de plata. Judas Iscariote
83%
Fue el cofundador y presidente ejecutivo de Apple. Steve Jobs
80%
Cantante de la banda de rock The Rolling Stones. Mick Jagger
62%
De los mejores jugadores de baloncesto de la historia. Actualmente juega en Los Angeles Lakers. LeBron James
61%
Cantante y pianista británico considerado como uno de los artistas musicales más exitosos de la historia. Elton John
60%
Actualmente es el primer ministro del Reino Unido. Boris Johnson
58%
Tercer presidente de los Estados Unidos y uno de los padres fundadores de este país más influyentes. Thomas Jefferson
52%
Considerada como la primera mujer estrella del rock y un icono del movimiento hippie. Janis Joplin
44%
Reconocido por ser uno de los mejores emperadores bizantinos, ya que consiguió recuperar gran parte del territorio perdido del antiguo Imperio romano. Justiniano I
44%
Rey del Imperio persa que desencadenó la Segunda Guerra Médica contra Grecia. Jerjes I
38%
Director de la trilogía El Señor de los Anillos. Peter Jackson
33%
De los escritores más importantes del siglo XX. Su obra maestra se titula "Ulises" James Joyce
32%
Deportista catalán especializado en esquí y carrera de montaña que ha conseguido varios récords de ascensión en montañas cómo el Mont Blanc, el Kilimanjaro, el Cervino y el Everest. Kilian Jornet
20%
Médico inglés que desarrollo la primera vacuna. Edward Jenner
19%
Rey de Inglaterra de principios del siglo XIII que perdió gran parte de territorio ante Francia y realizó la famosa Carta Magna. Juan I de Inglaterra
19%
Fue uno de los personajes con más poder del siglo XV. Era rey de Navarra, Aragón y Sicilia. Salió victorioso en la Guerra Civil Catalana y la Guerra Civil de Navarra. Juan sin Fe
16%
Es actualmente el líder supremo de Irán. Alí Jamenei
13%
Esta persona vivió entre los siglos IV y V. Es considerado padre y santo de la Iglesia Católica. Fue de los mayores traductores de la Biblia. Jerónimo
10%
Emperador romano del siglo IV que frenó diversas invasiones germánicas y renegó públicamente del cristianismo. Juliano el Apóstata
10%
Fue uno de los filósofos griegos más antiguos. Fundó la escuela eleática y el monismo. Jenófanes
4%
No se encontraron pruebas coincidentes
Distribución de puntuación
Porcentaje de gente con cada puntuación
Porcentaje por número respondido
Historial de tus puntuaciones
No has intentado esta prueba.